Hodnotenie zamestnancov

Ciele a metódy hodnotenia zamestnancov. Hodnotiace rozhovory.

Enregistré dans:
Détails bibliographiques
Auteur principal: Kopčíková, Mária
Format: Chapitre de livre
Langue:slovaque
Sujets:
Tags: Ajouter un tag
Pas de tags, Soyez le premier à ajouter un tag!

MARC

LEADER 00000naa$a2200000$$$4500
001 0207497
005 20231120130704.7
041 0 |a slo 
044 |a SK 
245 1 0 |a Hodnotenie zamestnancov  |c Mária Kopčíková 
520 |a Ciele a metódy hodnotenia zamestnancov. Hodnotiace rozhovory. 
610 2 0 |a hodnotenie práce 
610 2 0 |a hodnotenie pracovné 
610 2 0 |a hodnotenie pracovníkov 
100 1 |a Kopčíková, Mária